Cities of Marin County, California - Statistics

General Stats
  • This quiz has been taken 12 times
  • The average score is 7 of 11
Answer Stats
Populatin Answer % Correct
59,555 San Rafael
100%
13,792 Mill Valley
86%
51,722 Novato
86%
7,021 Sausalito
86%
8,846 Tiburon
86%
9,947 Corte Madera
57%
7,417 Fairfax
57%
12,498 San Anselmo
57%
2,050 Belvedere
43%
12,589 Larkspur
43%
2,290 Ross
43%
No matching quizzes found
Score Distribution
Percent of People with Each Score
Percentile by Number Answered
Your Score History
You have not taken this quiz